| 000 | 00368 a2200097 4500 | ||
|---|---|---|---|
| 082 | _a624.1762 SEI | ||
| 100 | _aAmerican Institute of steel construction AISC | ||
| 245 |
_aseismic provision for structural buildings _cAmerican Institute of steel construction AISC |
||
| 260 |
_aChicago : _bAmerican Institute of steel construction AISC _c2001 |
||
| 300 |
_axiii, : _bill. ; _c20 cm |
||
| 650 | _astructure | ||
| 999 |
_c332 _d332 |
||